Illinois Alumni - Statistics

General Stats
  • This quiz has been taken 3 times
  • The average score is 26 of 36
Answer Stats
Hint Answer % Correct
Hall of Fame linebacker who played for the Chicago Bears Dick Butkus
100%
Actor, "The French Connection" "Unforgiven" "The Royal Tenenbaums" Gene Hackman
100%
Founder, owner and first head coach of the Chicago Bears George Halas
100%
Founder of Playboy Hugh Hefner
100%
First African-American billionaire and former owner of the Charlotte Bobcats Robert L. Johnson
100%
Film critic for the Chicago Sun-Times from 1967 to 2013 and first film critic to win a Pulitzer Prize Roger Ebert
100%
Owner of the Jacksonville Jaguars and Fulham Shahid Khan
100%
Creator of the Harlem Globetrotters Abe Saperstein
67%
Director, "The Fugitive" "Collateral Damage" "Holes" Andrew Davis
67%
Comedian and actor best known as sidekick for Conan O'Brien Andy Richter
67%
Director, "Brokeback Mountain" "Life of Pi" "Crouching Tiger, Hidden Dragon" Ang Lee
67%
Actress best known for her role as Kira Yukimura in "Teen Wolf" Arden Cho
67%
Inventor of the pH meter Arnold Beckman
67%
Prime Minister of Egypt from 1999 to 2004 Atef Ebeid
67%
President of the International Olympic Committe from 1952 to 1972 Avery Brundage
67%
Actress best known for her role as Marie Schrader in "Breaking Bad" Betsy Brandt
67%
Co-founder of Oracle Bob Miner
67%
Co-founder of Mozilla and creator of JavaScript programming language Brendan Eich
67%
Creator of Microsoft Flight Simulator Bruce Artwick
67%
Co-founder of Delta C. E. Woolman
67%
Cornerback who plays for the Seattle Seahawks Devon Witherspoon
67%
Co-creator of Mortal Kombat Ed Boon
67%
Prime Minister of Georgia from 2015 to 2018 Giorgi Kvirikashvili
67%
Co-founder of YouTube Jawed Karim
67%
Former owner and general manager of the Phoenix Suns Jerry Colangelo
67%
Governor of New Jersey from 2006 to 2010 and Senator from New Jersey from 2001 to 2006 Jon Corzine
67%
Senator from Georgia from 2020 to 2021 Kelly Loeffler
67%
South African tennis player, Wimbledon and US Open finalist Kevin Anderson
67%
Co-founder of Oracle and one of the wealthiest people in the world Larry Ellison
67%
Co-founder of Tesla Martin Eberhard
67%
Actress, "Scarface" "The Color of Money" "Robin Hood: Prince of Thieves" Mary Elizabeth Mastrantonio
67%
Co-founder of PayPal Max Levchin
67%
Actor best known for his role as Ron Swanson in "Parks and Recreation" Nick Offerman
67%
President of Ecuador from 2007 to 2017 Rafael Correa
67%
Co-founder of YouTube Steve Chen
67%
Prime Minister of Taiwan from 2016 to 2017 Lin Chuan
33%
No matching quizzes found
Score Distribution
Percent of People with Each Score
Percentile by Number Answered
Your Score History
You have not taken this quiz